Ten statement fortran plus fortran IV (Record no. 3785)
[ view plain ]
| 000 -LEADER | |
|---|---|
| fixed length control field | 00588nam a2200181Ia 4500 |
| 003 - CONTROL NUMBER IDENTIFIER | |
| control field | IN-BaIIA |
| 008 - FIXED-LENGTH DATA ELEMENTS--GENERAL INFORMATION | |
| fixed length control field | 211028s9999 xx 000 0 eng d |
| 020 ## - INTERNATIONAL STANDARD BOOK NUMBER | |
| International Standard Book Number | 978-01390-3419-0 |
| 040 ## - CATALOGING SOURCE | |
| Transcribing agency | IIA Library |
| 080 ## - UNIVERSAL DECIMAL CLASSIFICATION NUMBER | |
| Universal Decimal Classification number | 519.68 |
| Item number | KEN |
| 100 ## - MAIN ENTRY--PERSONAL NAME | |
| Personal name | Kennedy, Michael |
| 9 (RLIN) | 6723 |
| 245 #0 - TITLE STATEMENT | |
| Title | Ten statement fortran plus fortran IV |
| Remainder of title | sensible, modular, and structured programming with WATFOR and WATFIV |
| Statement of responsibility, etc. | Michael Kennedy and Martin B. Solomon |
| 260 ## - PUBLICATION, DISTRIBUTION, ETC. | |
| Place of publication, distribution, etc. | Englewood Cliffs |
| Name of publisher, distributor, etc. | Prentice-Hall |
| Date of publication, distribution, etc. | 1970 |
| 300 ## - PHYSICAL DESCRIPTION | |
| Extent | xvi, 381p. |
| 650 ## - SUBJECT ADDED ENTRY--TOPICAL TERM | |
| Topical term or geographic name entry element | Computer Programming |
| 650 ## - SUBJECT ADDED ENTRY--TOPICAL TERM | |
| Topical term or geographic name entry element | Fortran IV |
| 9 (RLIN) | 6724 |
| 942 ## - ADDED ENTRY ELEMENTS (KOHA) | |
| Koha item type | Books |
| Withdrawn status | Lost status | Damaged status | Not for loan | Home library | Current library | Shelving location | Date acquired | Cost, normal purchase price | Total Checkouts | Full call number | Barcode | Date last seen | Cost, replacement price | Price effective from | Koha item type | Purchase Price |
|---|---|---|---|---|---|---|---|---|---|---|---|---|---|---|---|---|
| IIA Library-Bangalore | IIA Library-Bangalore | General Stacks | 24/07/1971 | 40.10 | 519.68/ KEN | 4227 | 05/11/2021 | 40.10 | 24/07/1971 | Books | Rs. 40.10 |